| 000 | 00540nam a2200169 4500 | ||
|---|---|---|---|
| 020 | _a9788120308855 | ||
| 082 | _a604.24 LUZ | ||
| 100 | _aLuzadder, Warren Jacob. | ||
| 245 | _aFundamentals of engineering drawing : with an introduction to interactive computer graphics for design and production | ||
| 250 | _a11th ed. | ||
| 260 |
_aNew Delhi, India _bPHI Learning _c1993 |
||
| 300 |
_axii, 692 p. _bill. ; |
||
| 500 | _aIncludes index. | ||
| 650 | _a1. Mechanical drawing. 2. Computer graphics. | ||
| 700 | _aDuff, Jon M. | ||
| 942 | _cBK | ||
| 999 |
_c12373 _d12373 |
||